Statistics for Flower Boy Quiz

Click here to take the quiz!

General Stats

  • This quiz has been taken 39 times
  • The average score is 13 of 14

Answer Stats

HintAnswer% Correct
6.Pothole
97%
4.See You Again
97%
5.Who Dat Boy
97%
8.Boredom
94%
7.Garden Shed
94%
13.Glitter
94%
12.November
94%
10.911/Mr. Lonely
91%
1.Foreword
91%
9.I Ain't Got Time!
91%
3.Sometimes...
91%
2.Where This Flower Blooms
91%
11.Droppin' Seeds
85%
14.Enjoy Right Now,Today
82%

Score Distribution

Percentile by Number Answered

Percent of People with Each Score

Your Score History

You have not taken this quiz